| 000 | 01051nam0a22003011 4500 | ||
|---|---|---|---|
| 001 | rc\3403765 | ||
| 005 | 20250609235731.0 | ||
| 021 |
_aRU _b[69-1847] |
||
| 035 | _a(NLR Aleph) 007574687 | ||
| 090 |
_a5443118 _c5443118 |
||
| 100 | _a20130115d1969 |||y0rusy50 ca | ||
| 101 | 0 | _arus | |
| 102 | _aRU | ||
| 105 | _aa z |||h| | ||
| 200 | 1 |
_aРодная речь _eКнига для чтения в III классе нач. школы |
|
| 205 | _a25-е изд. | ||
| 210 |
_aМосква _cПросвещение _d1969 |
||
| 215 |
_a383 с., 2 л. ил. _cил. _d22 |
||
| 300 | _aПеред загл. авт.: Е.Е. Соловьева, Н.Н. Щепетова, Л.А. Карпинская и др. | ||
| 606 |
_aРусский язык _jХрестоматии _2psbo |
||
| 701 | 1 |
_aЩепетова _bН.Н. |
|
| 701 | 1 |
_aКарпинская _bЛ.А. |
|
| 701 | 1 |
_aСоловьева _bЕ.Е. _gЕвгения Егоровна |
|
| 801 | 0 |
_aRU _bNLR _gpsbo |
|
| 801 | 1 |
_aRU _bELAR _2rusmarc |
|
| 852 |
_aNLR _j69-5/892 |
||
| 942 | _cBOOK | ||
| 980 | _aNB | ||